| 000 | 00568nam a2200217Ia 4500 | ||
|---|---|---|---|
| 008 | 160803s9999 xx 000 0 und d | ||
| 020 | _a0 590218166 | ||
| 100 | _aAvi | ||
| 245 | _aWhat do fish have to do with anything? : | ||
| 245 | _band other stories / | ||
| 245 | _c[Avi] ; illustrated by Tracy Mitchell. | ||
| 260 | _aNew York : | ||
| 260 | _bScholastic Inc. | ||
| 260 | _c1997 | ||
| 300 | _a202 pages : | ||
| 300 | _billustrations ; | ||
| 300 | _c20 cm | ||
| 650 | _aChildren's stories, American. | ||
| 650 | _aShort stories. | ||
| 700 | _a500 | ||
| 999 |
_c299796 _d299796 |
||